India and the new Europe (Record no. 493058)

000 -LEADER
fixed length control field 00424cam a22001457a 4500
008 - FIXED-LENGTH DATA ELEMENTS--GENERAL INFORMATION
fixed length control field 180718b2004 xxu||||| |||| 00| 0 eng d
020 ## - INTERNATIONAL STANDARD BOOK NUMBER
International Standard Book Number 8122006892
082 ## - DEWEY DECIMAL CLASSIFICATION NUMBER
Classification number Dx54 K528
245 ## - TITLE STATEMENT
Title India and the new Europe
Statement of responsibility, etc. edited by I.P Khosla
260 ## - PUBLICATION, DISTRIBUTION, ETC.
Place of publication, distribution, etc. Delhi
Name of publisher, distributor, etc. Konark
Date of publication, distribution, etc. 2004
300 ## - PHYSICAL DESCRIPTION
Extent 270p.
650 ## - SUBJECT ADDED ENTRY--TOPICAL TERM
Topical term or geographic name entry element Europe --Relations --India --Congresses
650 ## - SUBJECT ADDED ENTRY--TOPICAL TERM
Topical term or geographic name entry element India --Relations --Europe --Congresses
700 ## - ADDED ENTRY--PERSONAL NAME
Personal name Khosla, I.P.
Holdings
Withdrawn status Lost status Damaged status Not for loan Permanent Location Current Location Date acquired Full call number Barcode Date last seen Price effective from Koha item type
        Indian Institute of Public Administration Indian Institute of Public Administration 2018-08-04 Dx54 K528 GR17173 2018-08-04 2018-08-04 GR

Powered by Koha